Statistics for Biggest Cities in Italy on a Map

Click here to take the quiz!

General Stats

  • This quiz has been taken 410 times
  • The average score is 13 of 15

Answers on the Map

Answers color-coded by a green-red scale on the quiz's map according to % correct below.
 

Answer Stats

PopulationAnswer% Correct
2,808,293Rome
100%
1,406,242Milan
99%
258,685Venice
99%
948,850Naples
98%
857,910Turin
97%
366,927Florence
94%
647,422Palermo
94%
565,752Genoa
91%
395,416Bologna
88%
315,284Bari
84%
201,613Trieste
81%
259,087Verona
80%
296,266Catania
78%
227,424Messina
68%
210,077Padua
57%

Score Distribution

Percentile by Number Answered

Percent of People with Each Score

Your Score History

You have not taken this quiz